| 000 | 00765nam a2200253 a 4500 | ||
|---|---|---|---|
| 999 |
_c2598 _d2598 |
||
| 001 | 4917290 | ||
| 003 | GBCCL | ||
| 005 | 20241126110433.0 | ||
| 008 | 940829s1994 cou 000 0 eng | ||
| 010 | _a 94202272 | ||
| 020 | _a0784703612 | ||
| 040 |
_aDLC _cDLC |
||
| 050 | 0 | 0 |
_aBS544 _b.P43 1994 |
| 082 | 0 | 0 |
_a268.432 _220 _bMCK |
| 100 | 1 |
_aMckain, Wendy _95457 |
|
| 245 | 1 | 0 |
_aLearning to love God / _cby Wendy Mckain and others |
| 260 |
_aOhio : _bstandard publishing ; _cc1996. |
||
| 300 | _a319 p. ; | ||
| 650 | 0 |
_aGod _xWorship and love _xBiblical teaching. _95458 |
|
| 650 | 0 |
_achildren _xBiblical teaching. _93222 |
|
| 906 |
_a7 _bcbc _corignew _d2 _encip _f19 _gy-gencatlg |
||
| 942 |
_2ddc _cBK |
||